000 01068cam a2200265 i 4500
001 116668
005 20230410130936.0
008 140807s2004 sp a 000 0 spa
020 _a8420443530
041 0 _aSpa
050 1 4 _aPQ 8498.32
_bV297ti 2004
100 1 _aVargas Llosa, Mario,
_d1936-
245 1 3 _aLa tía Julia y el escribidor /
_cMario Vargas Llosa
260 _aMadrid :
_bAlfaguara,
_c2004
300 _a466 p.:
_c22 cm
500 _a"Edición definitiva"--Cover.
520 _aEn esta se recoge la noble historia en que se vertebra su argumento: por un lado, la relación amorosa del joven escritor Varguitas con una mujer de su familia mayor que él, la tía Julia, y por otro, la desaforada presencia del folletinista Pedro Camacho en la misma emisora de radio donde Varguitas trabaja.
650 0 _aRadio writers
_xPerú
_xLima
_xFiction
650 0 _aMan
_xWoman relationships
_xPerú
_xLima
_xFiction
650 0 _aCourtship
_xFiction
650 4 _aNovela peruana.
650 4 _aNovela amorosa peruana.
942 _2lcc
_cbk
946 _adpf
999 _c83178
_d83178